000 00743nam a2200265Ia 4500
005 20260121172053.0
008 008 260114s9999 xx 000 0 eng d
020 _a9783030553555
037 _aEBOOK
040 _aCRL
040 _beng
040 _cCRL
041 _2eng
041 _aeng
084 _qCRL
100 _aCarl Friedrich Gethmann, Georg Kamp, Michèle Knodt, Wolfgang Kröger, Christian Streffer, Hans von Storch, Thomas Ziesemer
_91083909
245 0 _aGlobal Energy Supply and Emissions
260 _bSpringer
260 _bSpringer
260 _c2020
856 _uhttps://link.springer.com/openurl?genre=book&isbn=978-3-030-55355-5
942 _cEBOOK
999 _c1649643
_d1649643